Vo štvrťfinále proti Česku 3. ME basketbalistiek do 20 rokov: Slovensko - Francúzsko 53:65)

Bibliographic Details
Format: Article
Language:Slovak
PhysicalDescription:Tab.
ISSN:0139-7001
Subjects:

MARC

LEADER 00000nab a2200000 a 4500
001 vtls000880276
003 SK-MaSNL
005 20260302170309.0
008 040806c2004 xo 0 slo
015 |a SNBRB2004/08-22325 
035 |a CLN000231811 
040 |a SNKBUCL  |b slo  |c SNKBUCL  |e AACR2 
041 0 |a slo 
044 |a xo  |c SK 
080 |a 796.323.2.093.1(4)  |2 UDC-MRF-SK2 
245 0 0 |a Vo štvrťfinále proti Česku  |b 3. ME basketbalistiek do 20 rokov: Slovensko - Francúzsko 53:65) 
300 |b Tab. 
611 2 7 |a Majstrovstvá Európy basketbalistiek do 20 rokov  |n (3. :  |d 2004 :  |c Vannes, Francúzsko)  |2 snkbucl  |9 872421 
650 0 7 |a basketbal  |x ženy  |x Slovensko - Francúzsko  |2 snkbucl  |9 872431 
655 7 |a články z novín a časopisov  |2 snkbucl  |9 267496 
773 0 |x 0139-7001  |t Šport  |g Roč. 58, č. 174 (29.7.2004), s. 4 
850 |a Slovenská národná knižnica v Martine 
852 |a SNK  |b KIS3GCP 
999 |c 1392413  |d 1394343